<?xml version="1.0" encoding="UTF-8"?>
<record
    xmlns:xsi="http://www.w3.org/2001/XMLSchema-instance"
    xsi:schemaLocation="http://www.loc.gov/MARC21/slim http://www.loc.gov/standards/marcxml/schema/MARC21slim.xsd"
    xmlns="http://www.loc.gov/MARC21/slim">

  <leader>00782nam a22001337a 4500</leader>
  <controlfield tag="008">180829b        xxu||||| |||| 00| 0 eng d</controlfield>
  <datafield tag="082" ind1=" " ind2=" ">
    <subfield code="a">808.066</subfield>
    <subfield code="b">AU939a</subfield>
  </datafield>
  <datafield tag="100" ind1=" " ind2=" ">
    <subfield code="a">Taller de Producci&#xF3;n Editorial</subfield>
    <subfield code="9">6642</subfield>
  </datafield>
  <datafield tag="245" ind1=" " ind2=" ">
    <subfield code="a">Autopublicando juntas</subfield>
  </datafield>
  <datafield tag="260" ind1=" " ind2=" ">
    <subfield code="a">Ciudad de M&#xE9;xico</subfield>
    <subfield code="b">Editorial de Cr&#xE1;ter Invertido</subfield>
    <subfield code="c">2017</subfield>
  </datafield>
  <datafield tag="300" ind1=" " ind2=" ">
    <subfield code="a">44 p.</subfield>
    <subfield code="b">ill.</subfield>
    <subfield code="c">21.7 cm</subfield>
  </datafield>
  <datafield tag="505" ind1=" " ind2=" ">
    <subfield code="t">&#xBF;Qu&#xE9; es publicar?</subfield>
    <subfield code="t">&#xBF;C&#xF3;mo concebir un proyecto editorial?</subfield>
    <subfield code="t">Los contenidos</subfield>
    <subfield code="t">La edici&#xF3;n</subfield>
    <subfield code="t">El dise&#xF1;o</subfield>
    <subfield code="t">La preprensa</subfield>
    <subfield code="t">La impresi&#xF3;n</subfield>
    <subfield code="t">&#xBF;Qu&#xE9; es la duplicadora de est&#xE9;ncil?</subfield>
    <subfield code="t">Gu&#xED;a r&#xE1;pida de impresi&#xF3;n </subfield>
    <subfield code="t">El registro</subfield>
    <subfield code="t">Los acabados</subfield>
    <subfield code="t">Herramientas b&#xE1;sicas</subfield>
    <subfield code="t">Partes del libro</subfield>
    <subfield code="t">El archivo</subfield>
    <subfield code="t">La circulaci&#xF3;n</subfield>
  </datafield>
  <datafield tag="650" ind1=" " ind2=" ">
    <subfield code="2">Literatura</subfield>
    <subfield code="x">Exposici&#xF3;n literaria </subfield>
    <subfield code="x">Escritos t&#xE9;cnicos</subfield>
    <subfield code="x">Redacci&#xF3;n</subfield>
    <subfield code="x">Publicaci&#xF3;n</subfield>
    <subfield code="x">Publicaci&#xF3;n - Comunidad</subfield>
    <subfield code="9">6643</subfield>
  </datafield>
  <datafield tag="999" ind1=" " ind2=" ">
    <subfield code="c">1602</subfield>
    <subfield code="d">1602</subfield>
  </datafield>
  <datafield tag="952" ind1=" " ind2=" ">
    <subfield code="0">0</subfield>
    <subfield code="1">0</subfield>
    <subfield code="2">ddc</subfield>
    <subfield code="4">0</subfield>
    <subfield code="7">0</subfield>
    <subfield code="a">LV</subfield>
    <subfield code="b">LV</subfield>
    <subfield code="c">Pensamiento</subfield>
    <subfield code="d">2018-08-29</subfield>
    <subfield code="l">0</subfield>
    <subfield code="o">808.066 AU939a</subfield>
    <subfield code="p">004663</subfield>
    <subfield code="r">2018-08-29 00:00:00</subfield>
    <subfield code="w">2018-08-29</subfield>
    <subfield code="y">01</subfield>
  </datafield>
</record>
